Microelectronic packaging

Spremljeno u:
Bibliografski detalji
Glavni autor: Datta, M.
Format: Knjiga
Jezik:Undetermined
Izdano: London CRC Press 2005
Teme:
Oznake: Dodaj oznaku
Bez oznaka, Budi prvi tko označuje ovaj zapis!
Thư viện lưu trữ: Trung tâm Học liệu Trường Đại học Cần Thơ
LEADER 00487nam a2200193Ia 4500
001 CTU_93386
008 210402s9999 xx 000 0 und d
020 |c 2550000 
082 |a 621.381046 
082 |b D232 
100 |a Datta, M. 
245 0 |a Microelectronic packaging 
245 0 |c M. Datta 
260 |a London 
260 |b CRC Press 
260 |c 2005 
650 |a Microelectronic packaging 
904 |i Tuyến 
980 |a Trung tâm Học liệu Trường Đại học Cần Thơ